000 00214 a2200109 4500
020 _a9780945448358
041 _aeng
100 _aAmerican Diabetes
245 _aThe take charge guide
942 _cBK
952 _71
999 _c18893
_d18893